| 000 | 00380nam a2200157Ia 4500 | ||
|---|---|---|---|
| 008 | 221030s9999 xx 000 0 und d | ||
| 020 | _a0070993874 | ||
| 041 | _aEnglish | ||
| 082 |
_a105.23 _bKah |
||
| 100 | _aZ. Kahavi | ||
| 245 | 0 |
_aSwitching & Finite Automata Theory _cby Z. Kahavi |
|
| 260 |
_bTMH _aNew Delhi _c2001 |
||
| 300 | _a658 | ||
| 650 | _aBE Computer | ||
| 942 | _cBK | ||
| 999 |
_c1317 _d1317 |
||